[Event "ICS rated bullet match"]
[Site "207.99.83.227"]
[Date "1999.03.24"]
[Round "?"]
[White "rajah"]
[Black "Hossa"]
[Result "1-0"]
[WhiteElo "2431"]
[BlackElo "2447"]
[Annotator "Crafty v16.6"]
[PlyCount "137"]

{annotating for player Hossa using a scoring margin of +0.10 pawns. search
time limit is 12.00} 1. Nf3 1... Nc6 2. d4 d5 3. c4 e6 4. Nbd2 Nf6 5. c5 Be7 ({
9:-0.11} 5... Be7 6. e3 Bd7 7. Bb5 O-O 8. O-O Ng4 9. Qe2 9... e5 $10) ({9:+0.00
} 5... b6 6. Nb3 bxc5 7. dxc5 Be7 8. e3 Ne4 9. Bb5 Bd7 10. Qc2 $10) 6. e3 O-O
7. Be2 b6 8. cxb6 cxb6 9. O-O Bb7 ({9:+0.03} 9... Bb7 10. Ne5 Nxe5 11. dxe5 Nd7
12. Nf3 Bc5 13. Bd2 Rc8 14. Rc1 $10) ({9:+0.15} 9... Qd6 10. Nb3 Bb7 11. Nfd2
e5 12. dxe5 Nxe5 13. Nf3 Nfg4 14. Nxe5 14... Nxe5 $10) 10. a3 Rc8 11. b4 Bd6
12. Bb2 Ng4 13. b5 Ne7 ({9:-0.03} 13... Ne7 14. Ne5 Nxh2 15. Kxh2 f6 16. Bg4
Qd7 17. Ndf3 fxe5 18. Nxe5 $10) ({9:+0.10} 13... Na5 14. Rc1 Rxc1 15. Bxc1 Qe7
16. a4 Rc8 17. h3 Nf6 18. Ne5 $10) 14. Qa4 Qc7 ({8:-0.17} 14... Qc7 15. h3 Nh2
16. Rfc1 Nxf3+ 17. Nxf3 Qb8 18. Ne5 Bxe5 19. dxe5 19... Nf5 $10) ({8:-0.06} 
14... Bb8 15. Rfc1 Nf5 16. Rxc8 Bxc8 17. Qd1 Bd6 18. Ne5 18... Nxe5 $10) 15. h3
Nf6 16. Rac1 Qb8 17. Ne5 Nf5 18. Nc6 Bxc6 19. bxc6 Rc7 20. Bd3 Ne7 21. Rc3 Qe8
22. Rfc1 e5 23. Bb5 Nf5 24. g4 exd4 25. exd4 Bf4 26. Rd3 Nd6 27. Rc2 Qe1+ 28.
Kg2 Re8 29. Nf3 Qb1 30. Ba6 b5 31. Qb3 Nfe4 32. Bc1 Qxb3 33. Rxb3 Bxc1 34. Rxc1
Rb8 35. a4 b4 36. a5 f5 37. Ne5 fxg4 38. hxg4 Nf6 39. Rcb1 Nxg4 40. Nxg4 Rxc6
41. Bd3 h6 42. Ne5 Rcc8 43. Rxb4 Rxb4 44. Rxb4 Rc1 45. Rb8+ Rc8 46. Rxc8+ Nxc8
47. Nc6 Kf7 48. Ba6 Nd6 49. Nxa7 Nf5 50. Bb7 Nxd4 51. Bxd5+ Kf6 52. a6 Ne2 53.
Bc4 Nd4 54. Nc8 Nc6 55. Bd5 Nb4 56. a7 Nxd5 57. a8=Q Nf4+ 58. Kf3 Ne6 59. Qa1+
Kg6 60. Nd6 Ng5+ 61. Ke2 Nh3 62. Qb1+ Kg5 63. Qf5+ Kh4 64. Qe4+ Kg5 65. Qe5+
Kh4 66. Nf5+ Kg5 67. Ne3+ Kh4 68. Qg3+ Kh5 69. Qg4# 1-0

[Event "ICS rated bullet match"]
[Site "207.99.83.227"]
[Date "1999.03.24"]
[Round "?"]
[White "Hossa"]
[Black "rajah"]
[Result "1-0"]
[WhiteElo "2430"]
[BlackElo "2448"]
[PlyCount "127"]

1. e4 Nc6 2. Nf3 e5 3. Bb5 a6 4. Bxc6 dxc6 5. d3 Bc5 6. Be3 Bxe3 7. fxe3 Bg4 8.
Nbd2 Nf6 9. O-O Qe7 10. Nc4 O-O-O 11. Ncxe5 Bxf3 12. Nxf3 Nxe4 13. Qe1 Nf6 14.
Rc1 Rhe8 15. e4 Qe6 16. Qa5 Rd7 17. a4 Kb8 18. b4 Ng4 19. Qg5 f6 20. Qa5 Ne3
21. Rfe1 Ng4 22. b5 cxb5 23. axb5 axb5 24. Qxb5 Ree7 25. Rb1 c6 26. Qb6 Qd6 27.
Ra1 Ne5 28. Nh4 g6 29. Rf1 Re6 30. Ra4 Ng4 31. Nf3 Qf4 32. Kh1 Qe3 33. Qb3 Rdd6
34. h4 Nf2+ 35. Kh2 Ng4+ 36. Kh3 h5 37. Rfa1 Qf4 38. Qb6 Nf2+ 39. Qxf2 Kc7 40.
Ra7 Rd7 41. Rb1 Kb8 42. Qb6 Qg4+ 43. Kh2 Qf4+ 44. Kg1 Qc7 45. Qa6 Kc8 46. Ra8+
Qb8 47. Rxb8+ Kxb8 48. Nd4 Red6 49. Nxc6+ Rxc6 50. Qxc6 Rh7 51. Qxf6 Rc7 52.
Qxg6 Rxc2 53. Qxh5 b6 54. Rxb6+ Kc7 55. Qf7+ Kxb6 56. Qb3+ Ka7 57. Qxc2 Kb6 58.
Kf2 Kb7 59. Qc5 Kb8 60. e5 Kb7 61. e6 Ka6 62. e7 Kb7 63. e8=Q Ka6 64. Qeb5# {
rajah checkmated} 1-0

[Event "ICS rated bullet match"]
[Site "207.99.83.227"]
[Date "1999.03.24"]
[Round "?"]
[White "rajah"]
[Black "Hossa"]
[Result "1-0"]
[WhiteElo "2431"]
[BlackElo "2447"]
[Annotator "Crafty v16.6"]
[PlyCount "151"]

{annotating for player Hossa using a scoring margin of +0.10 pawns. search
time limit is 12.00} 1. d4 1... Nf6 2. c4 g6 3. Nc3 Bg7 4. e4 d6 5. Bg5 O-O 6.
Qd2 Nbd7 7. Bd3 e5 8. d5 Nc5 9. Bc2 c6 10. dxc6 bxc6 11. Rd1 Qb6 ({8:-0.20} 
11... Qb6 12. b3 Ne6 13. Be3 Nd4 14. Nge2 Nxc2+ 15. Qxc2 Qd8 16. O-O $10) ({
8:+0.09} 11... Ne6 12. Bxf6 Qxf6 13. Qxd6 Qg5 14. Kf1 Nd4 15. Bd3 15... Bg4 $10
) 12. Bxf6 Bxf6 13. b3 Qa5 ({8:-0.41} 13... Qa5 14. Nge2 Rd8 15. O-O Bg7 16.
Qg5 Qc7 17. Rfe1 $14) ({8:-0.10} 13... Ne6 14. Nge2 Nd4 15. O-O Bg4 16. Bd3 Qc5
17. Qh6 $10) 14. Nge2 Nb7 15. O-O Bg7 16. Qe3 Be6 17. Rd3 Bg4 18. Re1 Qd8 19.
Qg3 Qd7 20. f3 Be6 21. Red1 Qe7 22. Na4 Rad8 23. Rc3 d5 24. exd5 cxd5 25. cxd5
Rxd5 26. Rxd5 Bxd5 27. Rd3 Be6 28. Qf2 Bf5 29. Rc3 Nd6 30. Qe3 Qh4 31. g3 Qe7
32. Nd4 Bxc2 33. Rxc2 Qd7 34. Nc6 Nf5 35. Qd2 Nd4 36. Qd3 Qh3 37. Ne7+ Kh8 38.
Rc7 Qh5 39. Kg2 a5 40. Nc5 Qg5 41. Ne4 Qh6 42. Nd6 g5 43. Nef5 Nxf5 44. Nxf5
Qb6 45. Qc4 Qf6 46. Nxg7 Kxg7 47. Qd5 e4 48. fxe4 Qb2+ 49. Kh3 g4+ 50. Kxg4
Qxa2 51. Kh3 Qa1 52. Rc5 a4 53. bxa4 Qf1+ 54. Kh4 Qf2 55. h3 Re8 56. Qg5+ Kh8
57. Re5 Rxe5 58. Qxe5+ Kg8 59. a5 Qa7 60. Qg5+ Kf8 61. Qd8+ Kg7 62. e5 Qb7 63.
g4 Qe4 64. Qf6+ Kg8 65. a6 Qg2 66. a7 Qa8 67. Qb6 Kg7 68. Qb8 Qc6 69. a8=Q Qh6+
70. Kg3 Qe3+ 71. Qf3 Qe1+ 72. Qf2 Qc3+ 73. Kh2 Qc6 74. Qd6 Qb7 75. Qff6+ Kg8
76. Qdd8# 1-0

[Event "ICS rated bullet match"]
[Site "207.99.83.227"]
[Date "1999.03.24"]
[Round "?"]
[White "TDChess"]
[Black "Hossa"]
[Result "1-0"]
[WhiteElo "2661"]
[BlackElo "2430"]
[Annotator "Crafty v16.6"]
[PlyCount "63"]

{annotating for player Hossa using a scoring margin of +0.10 pawns. search
time limit is 12.00} 1. Nf3 1... Nc6 2. e4 Nf6 3. e5 Ng4 4. d4 d6 5. Bb5 dxe5
6. h3 e4 7. hxg4 exf3 8. Bxc6+ bxc6 9. Qxf3 Bb7 10. Be3 Rb8 ({9:-0.49} 10...
Rb8 11. Nc3 e6 12. O-O-O Bb4 13. Rd3 O-O 14. Qe4 14... h6 $14) ({9:-0.26} 10...
e6 11. Nd2 Qd5 12. Rh5 Qxf3 13. Nxf3 Bb4+ 14. Bd2 Be7 15. Ng5 15... Rd8 $10)
11. Nc3 e6 12. O-O-O Bb4 13. Bf4 c5 14. Qg3 Bxc3 ({8:-1.87} 14... Bxc3 15. Bxc7
Bxb2+ 16. Kxb2 Bxg2+ 17. Bxb8 Bxh1 18. Rxh1 Qb6+ 19. Kc1 19... cxd4 $18) ({
8:-1.45} 14... Rc8 15. dxc5 Qf6 16. Be5 Qg5+ 17. f4 Qg6 18. Nb5 O-O 19. Nxa7
$16) 15. Qxc3 Bxg2 16. Rh5 Bd5 17. Qxc5 Rb7 18. Re1 Bf3 19. Re3 Bg2 20. d5 Qd7
21. dxe6 fxe6 22. Rxe6+ Qxe6 23. Re5 Qxe5 24. Qxe5+ Kf7 25. Qf5+ Ke7 26. f3
Rhb8 27. Bg5+ Ke8 28. Qe6+ Kf8 29. Be7+ Ke8 30. Bd6+ Kd8 31. Qe7+ Kc8 32. Qe8#
1-0

[Event "ICS rated bullet match"]
[Site "207.99.83.227"]
[Date "1999.03.24"]
[Round "?"]
[White "Hossa"]
[Black "rajah"]
[Result "1-0"]
[WhiteElo "2423"]
[BlackElo "2450"]
[PlyCount "49"]

1. e4 e5 2. Nf3 Nc6 3. Bc4 Bc5 4. c3 Nf6 5. d4 exd4 6. e5 d5 7. exf6 dxc4 8.
fxg7 Rg8 9. cxd4 Nxd4 10. O-O Rxg7 11. Re1+ Be6 12. Nc3 Qf6 13. Kh1 Nxf3 14.
Nd5 Qd8 15. Qxf3 Bd4 16. Nf4 Qc8 17. Qd5 Bxf2 18. Nxe6 Bxe1 19. Nxg7+ Kf8 20.
Bh6 Bb4 21. Rf1 Kg8 22. Qxf7+ Kh8 23. Ne8 Qg4 24. Bg7+ Qxg7 25. Qxg7# {
rajah checkmated} 1-0

[Event "ICS Rated bullet match"]
[Site "207.99.83.227"]
[Date "1999.03.24"]
[Round "?"]
[White "rajah"]
[Black "Hossa"]
[Result "1-0"]
[WhiteElo "2433"]
[BlackElo "2440"]
[Annotator "Crafty v16.6"]
[PlyCount "87"]

{annotating for player Hossa using a scoring margin of +0.10 pawns. search
time limit is 12.00} 1. d4 1... Nf6 2. c4 g6 3. Nc3 Bg7 4. e4 d6 5. Bg5 O-O 6.
Qd2 Na6 ({8:-0.05} 6... Na6 7. Nf3 c5 8. Be2 cxd4 9. Nxd4 Nc5 10. Bxf6 Bxf6 11.
O-O $10) ({8:+0.10} 6... Nbd7 7. Nf3 e5 8. Bd3 exd4 9. Nxd4 c5 10. Ndb5 10...
Ne5 $10) 7. Bd3 c5 8. Bxf6 Bxf6 9. d5 Bxc3 ({9:-0.29} 9... Bxc3 10. bxc3 e5 11.
Ne2 Qh4 12. O-O Bg4 13. Rab1 Rab8 14. Qe3 $10) ({9:+0.06} 9... Qb6 10. Nge2 Nb4
11. Rb1 Bg5 12. f4 Bh4+ 13. g3 Bf6 14. O-O $10) 10. Qxc3 Nb4 11. Ne2 Bg4 ({
9:-0.37} 11... Bg4 12. O-O e6 13. dxe6 Bxe6 14. Nf4 Re8 15. Nxe6 Rxe6 16. a3
16... Nc6 $14) ({9:-0.14} 11... e6 12. dxe6 Bxe6 13. O-O Qh4 14. Qd2 Bg4 15. f3
Nxd3 16. Qxd3 16... Be6 $10) 12. f3 Bd7 13. O-O Rc8 ({9:-0.40} 13... Rc8 14. a3
Nxd3 15. Qxd3 e6 16. dxe6 Bxe6 17. Nf4 Qd7 18. Nd5 18... Rfe8 $14) ({9:-0.14} 
13... e6 14. dxe6 Bxe6 15. Qd2 Nxd3 16. Qxd3 Qg5 17. Rad1 Rae8 18. Ng3 18...
Qh4 $10) 14. Rfd1 e5 15. dxe6 fxe6 ({9:-0.68} 15... fxe6 16. a3 Nc6 17. Bc2 Be8
18. Qd2 Ne5 19. Qxd6 Qxd6 20. Rxd6 Nxc4 21. Rxe6 21... Nxb2 $14) ({9:-0.33} 
15... Bxe6 16. e5 Nxd3 17. Rxd3 d5 18. cxd5 c4 19. Rd4 Bxd5 20. Rad1 $14) 16.
a3 Nc6 17. Bc2 Qb6 18. Rd2 Ne5 19. Rad1 Nf7 20. e5 Qa6 21. Ng3 Rc6 22. Ne4 Kh8
23. exd6+ e5 24. f4 Be6 25. Bd3 Re8 26. fxe5 Qb6 27. Rf2 Nd8 28. Nf6 Rg8 29.
Nxg8 Kxg8 30. Be4 Rc8 31. Qf3 Nf7 32. Bd5 Bf5 33. Bxf7+ Kxf7 34. g4 Re8 35.
gxf5 Kg7 36. f6+ Kf7 37. d7 Rd8 38. Qd5+ Qe6 39. Qxe6+ Kxe6 40. f7 Rxd7 41.
Rxd7 Kxd7 42. f8=Q b6 43. Rf7+ Ke6 44. Qe7# 1-0

[Event "ICS rated bullet match"]
[Site "207.99.83.227"]
[Date "1999.03.24"]
[Round "?"]
[White "Hossa"]
[Black "rajah"]
[Result "1-0"]
[WhiteElo "2424"]
[BlackElo "2449"]
[PlyCount "169"]

1. e4 c6 2. Nc3 d5 3. exd5 cxd5 4. Nf3 Nf6 5. Bb5+ Bd7 6. O-O Bxb5 7. Nxb5 Nc6
8. d4 a6 9. Nc3 e6 10. Bg5 Bb4 11. Bxf6 Qxf6 12. Na4 O-O 13. c3 Bd6 14. Qb3 Ra7
15. Rae1 Qf4 16. Nb6 Rd8 17. Re3 Ne7 18. Ne5 Nf5 19. Re2 Bc7 20. Rfe1 Bxe5 21.
Rxe5 Nd6 22. Qd1 Ne4 23. Re2 Nd6 24. R2e3 Ne4 25. Qf3 Qxf3 26. Rxf3 f6 27. Rh5
a5 28. Rfh3 Ra6 29. Na4 Ng5 30. R3h4 h6 31. Nc5 Rb6 32. b3 Rc6 33. f4 Ne4 34.
Nxe4 dxe4 35. f5 e3 36. fxe6 Rxe6 37. Kf1 e2+ 38. Ke1 b6 39. d5 Re3 40. c4 Rd6
41. Rf5 Rd7 42. Rf2 Rde7 43. Rd4 R7e5 44. d6 Rc3 45. Rxe2 Rc1+ 46. Kd2 Rc2+ 47.
Kxc2 Rxe2+ 48. Kd3 Re8 49. h4 Kf8 50. a3 Rd8 51. b4 axb4 52. axb4 Ke8 53. c5
Kd7 54. Ke4 Re8+ 55. Kd5 Re5+ 56. Kc4 bxc5 57. bxc5 Re8 58. h5 Kc6 59. Rd3 f5
60. g3 Kd7 61. Rb3 Rd8 62. Rb7+ Kc8 63. Rxg7 Rd7 64. Rxd7 Kxd7 65. Kd5 Kd8 66.
c6 Kc8 67. Ke5 Kd8 68. c7+ Kc8 69. d7+ Kxd7 70. c8=Q+ Kxc8 71. Kxf5 Kd7 72. Kg6
Ke6 73. g4 Ke7 74. Kxh6 Kf7 75. g5 Kg8 76. g6 Kf8 77. Kh7 Ke8 78. g7 Kd7 79.
g8=Q Kc7 80. Qg6 Kd7 81. Qb6 Ke7 82. Qd4 Kf7 83. Qe5 Kf8 84. Kg6 Kg8 85. Qe8# {
rajah checkmated} 1-0

[Event "ICS Rated blitz match"]
[Site "207.99.83.227"]
[Date "1999.03.24"]
[Round "?"]
[White "rajah"]
[Black "Hossa"]
[Result "0-1"]
[WhiteElo "2514"]
[BlackElo "2551"]
[PlyCount "138"]

1. d4 Nf6 2. c4 g6 3. Nc3 Bg7 4. e4 d6 5. f4 O-O 6. Nf3 Bg4 7. Be3 Nc6 8. d5
Nb4 9. Qb3 c5 10. dxc6 Nxc6 11. Qxb7 Qe8 12. Nd5 Bxf3 13. gxf3 Nxd5 14. cxd5
Nd4 15. Bxd4 Bxd4 16. Qb4 Be3 17. f5 Qb8 18. Qxb8 Raxb8 19. b3 gxf5 20. exf5
Kg7 21. Bc4 Kf6 22. Ke2 Bd4 23. Rad1 Bc5 24. Bd3 Rg8 25. Kf1 Rbe8 26. Rc1 a5
27. Rc4 h5 28. Ra4 Rc8 29. Rc4 Rg7 30. Be4 h4 31. Rc3 Rcg8 32. Rc2 h3 33. Ke1
Rg2 34. a3 Rxc2 35. Bxc2 Rg2 36. Kd1 Bxa3 37. Bd3 Bc5 38. Bf1 Kxf5 39. Bb5 Kf4
40. Bd7 Ra2 41. Re1 Be3 42. Re2 Ra1+ 43. Kc2 Kxf3 44. Bg4+ Kxg4 45. Rxe3 Ra2+
46. Kc3 Rxh2 47. Rxe7 Rh1 48. Rxf7 Rc1+ 49. Kd4 h2 50. Rh7 h1=Q 51. Rxh1 Rxh1
52. Kd3 Rh3+ 53. Kc4 Rxb3 54. Kxb3 Kf5 55. Kc4 Ke5 56. Kd3 Kxd5 57. Kc2 Ke4 58.
Kb2 Ke3 59. Kb3 d5 60. Ka4 d4 61. Kb3 d3 62. Kc4 d2 63. Kd5 d1=Q+ 64. Kc5 a4
65. Kb4 a3 66. Kc5 a2 67. Kc6 a1=Q 68. Kb5 Qd5+ 69. Kb4 69... Qaa5# {
rajah checkmated} 0-1

[Event "ICS rated bullet match"]
[Site "207.99.83.227"]
[Date "1999.03.24"]
[Round "?"]
[White "JSBach"]
[Black "Hossa"]
[Result "0-1"]
[WhiteElo "2117"]
[BlackElo "2448"]
[PlyCount "86"]

1. e4 c5 2. Bc4 e6 3. Nf3 Nf6 4. Nc3 d5 5. exd5 exd5 6. Bb5+ Bd7 7. Bxd7+ Nbxd7
8. O-O d4 9. Nb5 Be7 10. Re1 O-O 11. d3 Nd5 12. Bd2 Qb6 13. c4 dxc3 14. Nxc3
N7f6 15. Na4 Qc6 16. d4 Rae8 17. dxc5 Bxc5 18. Nxc5 Qxc5 19. Rc1 Qb6 20. Qa4
Qxb2 21. Qxa7 Ra8 22. Rb1 Qxb1 23. Rxb1 Rxa7 24. a3 Ne4 25. Bc1 Nec3 26. Rb2
Rxa3 27. Nd4 Ra4 28. Nf5 Ra1 29. Nh6+ gxh6 30. Rc2 Ne2+ 31. Kf1 Rxc1+ 32. Rxc1
Nxc1 33. Ke1 Nd3+ 34. Ke2 N5f4+ 35. Kf3 Re8 36. g3 Nh3 37. Kg2 Nhxf2 38. Kf3 h5
39. Kg2 h4 40. gxh4 Re3 41. h5 Nh3 42. Kf1 Nhf4 43. h6 43... Re1# {
JSBach checkmated} 0-1

[Event "ICS Rated blitz match"]
[Site "207.99.83.227"]
[Date "1999.03.24"]
[Round "?"]
[White "Hossa"]
[Black "rajah"]
[Result "1/2-1/2"]
[WhiteElo "2565"]
[BlackElo "2500"]
[PlyCount "189"]

1. e4 d5 2. exd5 Nf6 3. Bb5+ Bd7 4. Bc4 Bg4 5. f3 Bf5 6. g4 Bc8 7. Nc3 c6 8.
dxc6 Nxc6 9. d3 e5 10. g5 Nh5 11. Bb5 Bd7 12. Bd2 Nd4 13. Bxd7+ Qxd7 14. Nce2
Qd5 15. Nc1 Be7 16. c3 Ne6 17. h4 O-O-O 18. Qa4 Kb8 19. c4 Nc5 20. Qxa7+ Kxa7
21. cxd5 Rxd5 22. Be3 Ka8 23. Bxc5 Bxc5 24. Nge2 Be3 25. a4 h6 26. gxh6 Rxh6
27. Ra3 Rb6 28. Ra2 Nf4 29. Nxf4 exf4 30. a5 Rbb5 31. Ne2 Rxd3 32. Rh2 Bd2+ 33.
Kf2 Rdb3 34. Rg2 g6 35. a6 Rxb2 36. Rxb2 Rxb2 37. axb7+ Kxb7 38. Rg5 Be3+ 39.
Kf1 Rb1+ 40. Kg2 f6 41. Rxg6 Re1 42. Nxf4 Bxf4 43. Rxf6 Be3 44. h5 Rg1+ 45. Kh3
Bg5 46. Kh2 Re1 47. Rf7+ Kb8 48. f4 Bh6 49. f5 Re5 50. Kg3 Rd5 51. Rh7 Rd6 52.
Kg4 Kc8 53. Kf3 Kd8 54. Ke4 Rc6 55. Kd5 Rb6 56. Rf7 Ra6 57. Rb7 Ra5+ 58. Ke6
Bf4 59. Rd7+ Kc8 60. Rh7 Ra6+ 61. Kd5 Rd6+ 62. Ke4 Bc1 63. Kf3 Kb8 64. Kg4 Ka8
65. Rc7 Bb2 66. Kg5 Bf6+ 67. Kf4 Kb8 68. Rf7 Bb2 69. Kg5 Bc1+ 70. Kg4 Rd4+ 71.
Kg3 Bf4+ 72. Kh3 Bh6 73. Rf6 Bg5 74. Rg6 Bd8 75. Kg3 Bc7+ 76. Kg2 Rd2+ 77. Kf3
Rd5 78. Rf6 Rd7 79. h6 Rh7 80. Rg6 Bd8 81. Kf4 Kc8 82. f6 Rf7 83. Kf5 Kd7 84.
Rg7 Ke8 85. Rg8+ Kd7 86. Rxd8+ Kxd8 87. Kg6 Ke8 88. h7 Rf8 89. f7+ Ke7 90. Kg7
Rxf7+ 91. Kh6 Rf6+ 92. Kg7 Rf7+ 93. Kh6 Rf6+ 94. Kg7 Rf7+ 95. Kh6 {
Game drawn by repetition} 1/2-1/2

[Event "ICS Rated blitz match"]
[Site "207.99.83.227"]
[Date "1999.03.24"]
[Round "?"]
[White "jecare"]
[Black "Hossa"]
[Result "1-0"]
[WhiteElo "2553"]
[BlackElo "2562"]
[Annotator "Crafty v16.6"]
[PlyCount "100"]

{annotating for player Hossa using a scoring margin of +0.10 pawns. search
time limit is 12.00} 1. d4 1... Nf6 2. c4 g6 3. Nc3 Bg7 4. e4 d6 5. Nge2 O-O 6.
Ng3 e5 7. d5 Bg4 ({8:-0.45} 7... Bg4 8. Be2 Bxe2 9. Qxe2 c6 10. O-O cxd5 11.
cxd5 Nbd7 12. Bg5 $14) ({8:-0.28} 7... Ng4 8. h3 Nh6 9. Be2 Nd7 10. O-O Qh4 11.
Be3 $10) 8. f3 Bd7 9. Be2 Na6 10. O-O Ne8 ({9:-0.49} 10... Ne8 11. Be3 Qh4 12.
Qd2 h6 13. Rae1 Nf6 14. Nb5 14... b6 $14) ({9:-0.30} 10... c6 11. Be3 Qe7 12.
Rc1 cxd5 13. cxd5 Nc5 14. b4 Na6 15. b5 $10) 11. Be3 Qh4 12. Qd2 Bf6 ({9:-0.86
} 12... Bf6 13. Rf2 Kg7 14. Nb5 b6 15. Nc3 c6 16. dxc6 Bxc6 17. Rd1 $16) ({
9:-0.59} 12... h6 13. Bf2 Qf4 14. Rfd1 Nc5 15. b4 Na6 16. Be3 16... Qh4 $14)
13. Nb5 Bxb5 ({8:-1.66} 13... Bxb5 14. cxb5 Nc5 15. Bh6 Ng7 16. b4 Nd7 17. Rac1
17... Rac8 $18) ({8:-0.80} 13... b6 14. Rae1 Ng7 15. b4 Ne8 16. Ra1 $16) 14.
cxb5 Nb8 ({8:-1.76} 14... Nb8 15. Bh6 Ng7 16. Rfc1 Bd8 17. Rc4 a6 18. Ra4 $18)
({9:-1.64} 14... Nc5 15. Bh6 Ng7 16. b4 Nd7 17. Rac1 Rac8 18. Bc4 18... c5 $18)
15. Rac1 Kh8 ({8:-1.47} 15... Kh8 16. Bh6 Rg8 17. Qe3 a6 18. bxa6 Nxa6 19. Bc4
19... Nc5 $16) ({8:-1.22} 15... Kg7 16. Bc4 a6 17. bxa6 Nxa6 18. Rc3 Nc5 19. b4
19... Nd7 $16) 16. b4 Nd7 17. Bh6 Rg8 18. a3 Nb6 19. Rc2 Rd8 20. Rd1 Rd7 21. a4
Rd8 22. a5 Nd7 23. Rdc1 Ra8 24. a6 Rb8 25. Rxc7 Nxc7 26. Rxc7 Nb6 27. Be3 bxa6
28. bxa6 Ra8 29. Rxf7 Nc8 30. Bf2 Bg5 31. Qc3 Bf4 32. Nf1 Qh6 33. g3 g5 34. Bb5
Qh5 35. Rc7 Rb8 36. Bd7 Nb6 37. Bf5 Na8 38. Rxa7 Rg7 39. Rxg7 Kxg7 40. a7 Rg8
41. b5 Qe8 42. b6 Qb5 43. Qc6 Qxc6 44. dxc6 Nxb6 45. Bxb6 Rh8 46. c7 Bc1 47.
c8=Q Rxc8 48. Bxc8 Kh6 49. a8=Q Bb2 50. Be6 Bd4+ 1-0

[Event "ICS Rated blitz match"]
[Site "207.99.83.227"]
[Date "1999.03.24"]
[Round "?"]
[White "JudgeTurpin"]
[Black "Hossa"]
[Result "1-0"]
[WhiteElo "2516"]
[BlackElo "2537"]
[PlyCount "153"]

1. Nf3 Nc6 2. d4 d5 3. c4 e6 4. cxd5 exd5 5. e3 Bb4+ 6. Bd2 Bxd2+ 7. Nbxd2 Nge7
8. Be2 O-O 9. Rc1 Bg4 10. Qb3 Qd6 11. O-O Rae8 12. Rfe1 Na5 13. Qc3 Bxf3 14.
Bxf3 Nac6 15. Nb3 Kh8 16. Nc5 Nd8 17. Bg4 Rg8 18. Bd7 Ref8 19. Bh3 c6 20. Qd3
b6 21. Nd7 Re8 22. Qa6 Qc7 23. Ne5 Ng6 24. Nd3 Rgf8 25. b4 f5 26. g3 Qe7 27.
Bg2 Qd7 28. h4 Nf7 29. Qa4 Re6 30. Bh3 Ne7 31. Qc2 Qd6 32. Nf4 Rh6 33. a3 Nd8
34. Kg2 Ne6 35. Nd3 Qc7 36. Ne5 c5 37. Qd1 Qd6 38. Qa4 Nc8 39. Qd7 Qxd7 40.
Nxd7 Rf7 41. Ne5 Rf8 42. dxc5 bxc5 43. bxc5 Nc7 44. Rb1 Re6 45. f4 Na6 46. Rec1
Re7 47. Rb5 Nc7 48. Rb7 Ne6 49. Nd7 Rff7 50. c6 Re8 51. Kf3 Nd8 52. Rb8 Ne6 53.
Rd1 Nc7 54. Rb7 Ne6 55. Rxd5 Nd8 56. Rc5 Rfe7 57. Rc3 Nd6 58. Rb8 N8f7 59. c7
Nc8 60. Bxf5 Nfd6 61. Bg4 Ne4 62. Rc6 Ned6 63. Ne5 Kg8 64. Nc4 Nxc4 65. Bxc8
Nd6 66. Rxd6 Rxc7 67. Be6+ Kf8 68. Rb5 Ke7 69. Rbd5 h6 70. f5 Kf8 71. Kf4 Rc4+
72. e4 Rc7 73. Rd2 Rc1 74. Rd7 Rf1+ 75. Ke5 Re7 76. Rxe7 Kxe7 77. Rd7+ {
Hossa resigns} 1-0

[Event "ICS rated blitz match"]
[Site "207.99.83.227"]
[Date "1999.03.24"]
[Round "?"]
[White "Hossa"]
[Black "JudgeTurpin"]
[Result "1-0"]
[WhiteElo "2520"]
[BlackElo "2533"]
[PlyCount "145"]

1. e4 e5 2. Nf3 Nc6 3. Bb5 a6 4. Ba4 Nf6 5. O-O Bc5 6. Bxc6 dxc6 7. Nxe5 Nxe4
8. Nd3 Be7 9. Re1 Nf6 10. Qe2 Bg4 11. Qe5 Qd6 12. b3 Be6 13. Qxd6 cxd6 14. Nf4
Kd7 15. d3 Bf5 16. Nd2 g5 17. Ne2 Rhe8 18. Nf3 g4 19. Ng5 Nd5 20. Bd2 Bf6 21.
Rad1 Bxg5 22. Bxg5 c5 23. Ng3 Bg6 24. Bd2 Rxe1+ 25. Rxe1 a5 26. a4 Nb4 27. Rc1
Nc6 28. Bf4 Re8 29. h4 Nd4 30. h5 Bf5 31. Be3 Re5 32. Bxd4 cxd4 33. b4 Kc6 34.
bxa5 Rxa5 35. Rb1 Bd7 36. Rb4 Kc7 37. Rc4+ Bc6 38. Rxd4 Rxa4 39. c4 Ra1+ 40.
Kh2 Ra2 41. Rf4 Kd7 42. Rxf7+ Ke6 43. Rf4 Rd2 44. d4 d5 45. cxd5+ Kxd5 46. Nf5
Ke6 47. Nh6 Kd5 48. Nxg4 Rxd4 49. Nf6+ Ke5 50. Rxd4 Kxd4 51. Nxh7 b5 52. h6 Ke5
53. f4+ Ke6 54. Ng5+ Kf6 55. f5 Be8 56. g4 b4 57. Ne4+ Kf7 58. Nd6+ Kg8 59.
Nxe8 b3 60. Nf6+ Kf7 61. Ne4 b2 62. Nc3 Kf8 63. g5 Kg8 64. g6 Kf8 65. f6 Ke8
66. Nb1 Kd7 67. h7 Kc6 68. h8=Q Kb6 69. f7 Kb7 70. f8=Q Kb6 71. Qd8+ Kb5 72.
Qhd4 Ka6 73. Q8b6# {JudgeTurpin checkmated} 1-0

[Event "ICS rated bullet match"]
[Site "207.99.83.227"]
[Date "1999.03.24"]
[Round "?"]
[White "Hossa"]
[Black "JudgeTurpin"]
[Result "0-1"]
[WhiteElo "2452"]
[BlackElo "2494"]
[Annotator "Crafty v16.6"]
[PlyCount "62"]

{annotating for player Hossa using a scoring margin of +0.10 pawns. search
time limit is 12.00} 1. e4 1... e5 2. Nf3 Nf6 3. Nc3 Bb4 4. Nxe5 Qe7 5. Nf3
Nxe4 6. Nxe4 d5 7. a3 ({8:-0.32} 7. a3 7... dxe4 8. Nd4 Bc5 9. Nb3 O-O 10. Nxc5
Qxc5 11. Be2 $15) ({8:-0.10} 7. c3 7... dxe4 8. Nd4 Bc5 9. Bc4 O-O 10. O-O
10... Nd7 $10) 7... Ba5 8. b4 ({8:-0.72} 8. b4 8... dxe4 9. Nd4 Bb6 10. Bb2 Qe5
11. c3 11... O-O $17) ({8:-0.20} 8. Bb5+ 8... Bd7 9. Bxd7+ Nxd7 10. O-O dxe4
11. Nd4 O-O-O 12. d3 Qe5 13. Be3 $10) 8... dxe4 9. Ng1 ({9:-1.09} 9. Ng1 9...
Qf6 10. Rb1 Bb6 11. Qe2 O-O 12. Bb2 Qf4 13. d4 $17) ({9:-0.79} 9. Nd4 9... Bb6
10. Bb2 O-O 11. c3 Bxd4 12. cxd4 Nc6 13. b5 13... Na5 $17) 9... Bb6 10. Bb2 O-O
11. Rb1 ({7:-1.27} 11. Rb1 11... Qg5 12. Ne2 Bg4 13. Rc1 Nc6 14. c4 $17) ({
7:-0.83} 11. Qh5 11... Nc6 12. Bb5 Nd4 13. Ba4 c6 14. Ne2 $17) 11... Nc6 12.
Be2 ({8:-2.00} 12. Be2 12... Qg5 13. g3 Qf5 14. f3 exf3 15. Nxf3 Re8 16. Rc1
$19) ({8:-1.13} 12. Qh5 12... a5 13. b5 Nd4 14. Rc1 Bc5 15. Qd5 15... Rd8 $17)
12... Be6 13. g3 ({8:-1.87} 13. g3 13... Nd4 14. Bxd4 Bxd4 15. c3 Be5 16. Bg4
Bc4 17. Ne2 $19) ({8:-1.67} 13. c4 13... Bd4 14. Bf1 Qh4 15. Bxd4 Nxd4 16. Ne2
Bg4 17. Rc1 $19) 13... Nd4 14. d3 ({8:-3.13} 14. d3 14... exd3 15. Bxd4 Bxd4
16. Bxd3 Bg4+ 17. Ne2 Bc3+ 18. Kf1 Bf3 19. Rg1 $19) ({8:-1.97} 14. Bxd4 14...
Bxd4 15. c3 Be5 16. Bb5 Rad8 17. Qh5 Rd5 18. d4 $19) 14... Bd5 15. c4 ({8:-3.88
} 15. c4 15... exd3 16. cxd5 Qe4 17. Qxd3 Qxh1 18. Bxd4 Qxg1+ 19. Kd2 $19) ({
8:-3.65} 15. Bxd4 15... Bxd4 16. dxe4 Bxe4 17. f3 Rad8 18. Qc1 Bf5 19. Kf1
19... Rfe8 $19) 15... Bc6 16. b5 exd3 17. bxc6 dxe2 18. Nxe2 Nf3+ 19. Kf1 Rfd8
20. Nd4 Nxd4 21. cxb7 Rab8 22. Qg4 f5 23. Qf4 Qc5 24. Bxd4 Rxd4 25. Qf3 Rd2 26.
Ke1 Rbd8 27. Qe3 Qc6 28. Rf1 Bxe3 29. b8=Q Bxf2+ 30. Rxf2 Qh1+ 31. Rf1 Qe4# 0-1

[Event "ICS rated bullet match"]
[Site "207.99.83.227"]
[Date "1999.03.24"]
[Round "?"]
[White "Hossa"]
[Black "TDChess"]
[Result "0-1"]
[WhiteElo "2438"]
[BlackElo "2650"]
[Annotator "Crafty v16.6"]
[PlyCount "126"]

{annotating for player Hossa using a scoring margin of +0.10 pawns. search
time limit is 12.00} 1. e4 1... e6 2. d4 d5 3. Nc3 Bb4 4. exd5 exd5 5. Bd3 Nc6
6. Nge2 ({8:-0.09} 6. Nge2 6... Nge7 7. O-O O-O 8. Bg5 Re8 9. Re1 9... Bg4 $10)
({8:+0.05} 6. Nf3 6... Nge7 7. O-O O-O 8. Re1 Be6 9. Bg5 9... Re8 $10) 6... Bg4
7. a3 ({8:-0.12} 7. a3 7... Bxc3+ 8. bxc3 Nf6 9. O-O O-O 10. Rb1 Rb8 11. Bg5
11... Re8 $10) ({8:+0.05} 7. f3 7... Be6 8. O-O Nf6 9. a3 Bxc3 10. Nxc3 O-O 11.
Be3 $10) 7... Bxc3+ 8. bxc3 Qe7 9. Rb1 O-O-O 10. O-O Nf6 11. Re1 Rhe8 12. Qd2
Ne4 13. Bxe4 Qxe4 14. f3 Bxf3 15. gxf3 Qxf3 16. Qf4 Qe4 17. Qxe4 Rxe4 18. Bd2
Rde8 19. Ng3 Rxe1+ 20. Rxe1 Rxe1+ 21. Bxe1 Ne7 22. Nh5 g5 23. Nf6 h6 24. Bg3
Kd8 25. a4 a5 26. Kf2 c6 27. Bd6 Nf5 28. Be5 Ke7 29. h3 Ke6 30. Ne8 Ne7 31. Ke2
f5 32. Kf3 b6 33. Bd6 Kd7 34. Bxe7 Kxe8 35. Bd6 b5 36. c4 dxc4 37. axb5 cxb5
38. c3 Kd7 39. Bc5 Ke6 40. Bb6 b4 41. cxb4 axb4 42. Ba5 b3 43. Bc3 h5 44. Ba1
Kd5 45. Bc3 g4+ 46. hxg4 hxg4+ 47. Kf4 Ke6 48. Bb2 Kd6 49. Ba1 Ke7 50. Bc3 Kf7
51. d5 Ke7 52. Ke3 Kd6 53. Kd4 g3 54. Bb4+ Kd7 55. Kc3 f4 56. Ba3 f3 57. Kd2 f2
58. Ke2 c3 59. Bc5 b2 60. d6 b1=Q 61. Ke3 g2 62. Bd4 f1=Q 63. Bxc3 Qbd3# 0-1